000 00569nam a22001817a 4500
999 _c188063
_d188063
005 20220509153531.0
010 _aENG-132563
020 _a9789352834730
_c300.00
035 _aEN-116095
037 _bDBAD/PUB
082 _a330.01
100 _aAhuja,H L
245 _aIntroductory Economic Theory:
_bFor BA and BSc courses(Pass & Honours)/
_cH L Ahuja
260 _aNew Delhi
_bS Chand And Company Limited
_c2018
270 _a7361,Ram Nagar,Qutub Road,
_bNew Delhi
_e110055
300 _avii,629p.
_c24cm,(pbk)
942 _2ddc
_cEN
_h330.01
_mAHU